000 00465nam a22001817a 4500
003 MPLRDC
005 20220104114142.0
008 210129b ||||| |||| 00| 0 eng d
020 _a7-5322-0213-5
082 _a782.886 LHS-4
100 _a朱金楼、袁志煌 编
245 _a刘海粟艺术文选
_c
250 _a一版一刷
260 _a
_b上海人民美术出版社
_c1987
300 _b
650 _a刘海粟传记
942 _cBK
_o782.886 LHS-4
999 _c5231
_d5221